Commentary on the First Geneva Convention : Convention (I) for the amelioration of the condition of the wounded and sick in armedForces in the Field

Saved in:
书目详细资料
主要作者: ICRC
格式: 图书
出版: Geneva International Committee of the Red Cross (ICRC)
主题:
标签: 添加标签
没有标签, 成为第一个标记此记录!

MARC

LEADER 00000nam a2200000 4500
005 20260330120657.0
020 |a 2881450555  |c TZS 10,000/= 
040 |a MCCL  |b eng.  |e AACR 2nd erv. ed. 
082 |a 341.09452 COM 
100 |a ICRC 
245 |a Commentary on the First Geneva Convention : Convention (I) for the amelioration of the condition of the wounded and sick in armedForces in the Field  |c /  
260 |a Geneva  |b International Committee of the Red Cross (ICRC) 
300 |a xxviii, 660 p. :  |c  23 cm  |b ill.; 
504 |a Includes index 
650 |a Humanitarian law 
650 |a International humanitarian law 
942 |c BK 
999 |c 12561  |d 12561